01354nam a22002537a 450000500170000000800410001702000180005804000250007604100080010104400070010908200190011624501360013524601300027126000580040130000250045950501580048450501290064250501640077165000450093565000200098065000280100070000400102870000320106820200104041626.0140701b2014 ck ||||| |||| 00| 0 spa d a9789588753072 aCO-BoIAVHcCO-BoIAVH ager ack a338.4791bT69p00aProtocolos de aprovechamiento para flora silvestre no maderablecEditado por Maria Claudia Torres Romero y Luis Fernanda Casas Caro aProtocolos de aprovechamiento para flora silvestre no maderablebmetodología, estudios de caso y recomendaciones técnicas aBogotábFondo BiocomerciobFundación Naturac2014 a141 p.bil. c28 cm. aCap. 1 Propuesta metodológica y contenidos mínimos para la elaboración de protocolos de aprovechamiento para productos de flora silvestre (pag. 25) aCap. 2 Estudios de caso: protocolos de aprovechamiento para especies de flora silvestre (jagua, vainilla, chamba) (pag. 41) aCap. 3 Consideraciones técnicas y socioeconómicas para orientar la toma de decisiones frente al aprovechamiento de productos de flora sivlestre (pag. 111) aConservación de los recursos naturales aFlora silvestre aProductos no maderables aTorres-Romero, María Claudiaeed. aCasas- Caro, Luisa Fernanda